书目信息 |
| 题名: |
商品学概论
|
|
| 作者: | 万融 主编 | |
| 分册: | ||
| 出版信息: | 北京 中国人民大学出版社 2005 |
|
| 页数: | 349页 | |
| 开本: | 26cm | |
| 丛书名: | ||
| 单 册: | ||
| 中图分类: | F76 | |
| 科图分类: | 29.418 | |
| 主题词: | 商品学 | |
| 电子资源: | ||
| ISBN: | 7-300-06793-X | |
| 000 | 00675nam0 2200253 45 | |
| 001 | 0193003968 | |
| 005 | 20070717164449.35 | |
| 010 | @a7-300-06793-X@dCNY23.00 | |
| 100 | @a19930116d2005 em y0chiy0121 ea | |
| 101 | 0 | @achi |
| 102 | @aCN@b110000 | |
| 105 | @ay z 000yy | |
| 200 | 10 | @a商品学概论@ASHANG PIN XUE GAI LUN@f万融主编@Fwan rong zhu bian |
| 205 | @a3版 | |
| 210 | @a北京@c中国人民大学出版社@d2005 | |
| 215 | @a349页@d26cm | |
| 300 | @a高等商学精品课程教材 | |
| 540 | 1 | @a商品学@ASHANG PIN XUE |
| 606 | @a商品学 | |
| 690 | @aF76@v三版 | |
| 692 | @a29.418 | |
| 701 | 0 | @a万融@Awan rong@4主编 |
| 801 | 0 | @aCN@bTSSF@c20070717 |
| 905 | @a10447@dF76@e26=3 | |
| 商品学概论/万融主编.-3版.-北京:中国人民大学出版社,2005 |
| 349页;26cm |
| 高等商学精品课程教材 |
| ISBN 7-300-06793-X:CNY23.00 |
| ● |
| 相关链接 |
|
|
|
|
正题名:商品学概论
索取号:F76/26=3
 
预约/预借
| 序号 | 登录号 | 条形码 | 馆藏地/架位号 | 状态 | 备注 |
| 1 | 0778798 | 207787983 | 密集书库/ [索取号:F76/26=3] | 在馆 | |
| 2 | 0779878 | 207798784 | 第一样本阅览室/ [索取号:F76/26=3] | 在馆 |